Представление документа в формате MARC21

Поле Инд. ПП Название Значение
Тип записи a
Библиографический уровень b
001 Контрольный номер RU/IS/BASE/357835701
005 Дата корректировки 20200529173553.9
008 Кодируемые данные 20110504
040 b Код языка каталог. rus
e Правила каталог. PSBO
041 0_ a Код языка текста rus
084 a Индекс другой классификации/Индекс ББК 81.411.2-4
100 1_ a Автор Степанычева Е. М.
q Полное имя Степанычева Екатерина Михайловна
245 10 a Заглавие К вопросу о грамматико-лексикографическом описании русских кванторных наречий
b Продолж. заглавия (лингводидактический аспект)
504 a Библиография Библиогр.: с. 78 - 79
520 0_ a Аннотация В статье говорится о необходимости создания адекватного лексикографического описания наречий, ориентированного на практическое использование в процессе обучения русскому языку как неродному. Особое внимание уделено характеристике кванторных наречий по параметрам, составляющим схему их лексикографической атрибуции, которая может послужить основой для создания композиционной структуры статей
650 14 a Основная рубрика лексикография
a Основная рубрика общее языкознание
a Основная рубрика русский язык
a Основная рубрика структура языка
a Основная рубрика филологические науки
a Основная рубрика частное языкознание
a Основная рубрика языкознание
653 1_ a Ключевые слова лексикография грамматическая
a Ключевые слова лексико-семантические варианты
a Ключевые слова наречие
a Ключевые слова обучение иностранным языкам
a Ключевые слова преподавание русского языка
a Ключевые слова русский язык как иностранный
a Ключевые слова части речи
773 08 t Заглавие источника Вестник Московского университета. Серия 9, Филология
d Дата издания источника 2010
g Прочая информация № 5. - С. 69 - 79
w Контрольный № источника RU/IS/BASE/354127374
901 t Тип документа b